000 00941nam a22002531u 4500
001 04231
003 HDC
007 cr cn ---aaaaa
008 210115p9999 fo d 00 mayg
040 _aHDC
245 0 _a[Ot 11] Halangan Terhadap Perlaksanaan Sistem Kualiti Islam (Iso 1900:2005) Dalam Organisasi: Kajian Kes Kolej Komuniti Gerik, Perak
_bKajian Kes Kolej Komuniti Gerik, Perak
260 _a[no place] :
_b[publisher not identified],
_c[no year]
300 _a7 pages
336 _atext
_2rdacontent
337 _acomputer
_2rdamedia
338 _aonline resource
_2rdacarrier
650 _aIslam
_zMalaysia
_94343
650 _aISO MS 1900
_94342
650 _aSistem Kualiti Islam
_94341
856 _zRequest full-text at [email protected]
942 _2lcc
942 _cEIS
942 _kREPT 000168
999 _c1556
_d1556